| 000 | 00474nam a22001817a 4500 | ||
|---|---|---|---|
| 003 | CEME | ||
| 005 | 20210628210542.0 | ||
| 008 | 210209b xxu||||| |||| 00| 0 eng d | ||
| 020 | _a0-07-084858-0 | ||
| 040 | _c. | ||
| 082 | _a530 PRA | ||
| 100 |
_aPratley, John.B _979905 |
||
| 245 | _aStudy notes for technicians physical science and physics | ||
| 260 |
_aLONDON _bMCGRAW HILL _c1984 |
||
| 300 | _a106P | ||
| 650 |
_aPHYSICS-STUDY AND TEACH _979906 |
||
| 942 |
_cBK _2ddc |
||
| 999 |
_c584887 _d584887 |
||